000 00937nam a2200253Ia 4500
003 OSt
005 20221005112505.0
006 a|||||r|||| 00| 0
007 ta
008 221004b |||||||| |||| 00| 0 pan d
020 _a9789352042203 (hbk)
_cINR 395.00
024 _a33137
037 _b788, 27/02/2017, H.K. Prakashan
_cTextual
040 _aCRL
_cCRL
_bpan
041 _2pan
_apan
082 _aY:351.243, 153Q6
100 _aਸਰਬਜੀਤ ਕੌਰ, ਂਚ.
245 0 _aਪੰਜਾਬੀ ਲੋਕਧਾਰਾ ਵਿਗਿਆਨ ਅਤੇ ਡਾ. ਕਰਮਜੀਤ ਸਿੰਘ
260 _aਚੰਡੀਗੜ
_bਲੋਕਗੀਤ ਪ੍ਰਕਾFਨ ਭਾਰਤ
_c2016
300 _a182ਪ੍ਰ0
_ccm.
650 _a ਸਭਿਆਚਾਰ
942 _hY:351.243, 153Q6
_cTEXL
_2cc
999 _c1025037
_d1025037